Výsledky konjunkturálneho prieskumu v priemysle, v stavebníctve a vo vnútornom obchode - 8/1999

Salvato in:
Dettagli Bibliografici
Natura: Libro
Lingua:slovacco
Pubblicazione: Bratislava Štatistický úrad Slovenskej republiky 1999
Soggetti:
Tags: Aggiungi Tag
Nessun Tag, puoi essere il primo ad aggiungerne!!

MARC

LEADER 00000nam a2200000 4500
001 c114044
005 20260223103636.7
041 0 |a slo 
044 |a SK 
245 1 0 |a Výsledky konjunkturálneho prieskumu v priemysle, v stavebníctve a vo vnútornom obchode - 8/1999 
264 1 |a Bratislava  |b Štatistický úrad Slovenskej republiky  |c 1999 
300 |a 12 s. 
610 2 0 |a Slovensko 
610 2 0 |a priemysel 
610 2 0 |a stavebníctvo 
610 2 0 |a obchod vnútorný